Antecedentes históricos del golpe de estado de 1968 en Panamá /
En el presente trabajo el autor presenta un análisis histórico-social del golpe de Estado militar del once de octubre de 1968 en Panamá, con el cual comienza a tomar forma el fenómeno político-social denominado “torrijismo”, cuya influencia se proyecta hasta la actualidad en la vida política panameñ...
Tallennettuna:
| Päätekijä: | |
|---|---|
| Aineistotyyppi: | Teksti |
| Kieli: | Spanish |
| Julkaistu: |
San José, Costa Rica:
Editorial Universidad de Costa Rica;
1998
|
| Aiheet: | |
| Tagit: |
Lisää tagi
Ei tageja, Lisää ensimmäinen tagi!
|
MARC
| LEADER | 00000 a a2200000 04500 | ||
|---|---|---|---|
| 001 | 1092 | ||
| 003 | cru IIS | ||
| 005 | 20210729105521.0 | ||
| 008 | 210729s1998 cr|||||| |||| 00| 0 spa d | ||
| 022 | |a 0377-7316 | ||
| 040 | |a Centro de Recursos para el Aprendizaje y la Investigación |b Español |c cru IIS | ||
| 090 | |a REV0040 24 (1-2) 1998 | ||
| 100 | |a Ayala Saavedra, Roberto | ||
| 245 | |a Antecedentes históricos del golpe de estado de 1968 en Panamá / |c Roberto Ayala Saavedra | ||
| 260 | |a San José, Costa Rica: |b Editorial Universidad de Costa Rica; |c 1998 | ||
| 300 | |a páginas 163-189 | ||
| 500 | |a Colección Centroamérica | ||
| 520 | |a En el presente trabajo el autor presenta un análisis histórico-social del golpe de Estado militar del once de octubre de 1968 en Panamá, con el cual comienza a tomar forma el fenómeno político-social denominado “torrijismo”, cuya influencia se proyecta hasta la actualidad en la vida política panameña. El fenómeno es caracterizado como variante del nacionalismo burgués, tendencia general que alcanzó significativa y particularizada expresión en la mayor parte de las sociedades de la región latinoamericana entre los años treinta y setenta. En términos metodológicos, el estudio examina las interrelaciones entre factores de diverso nivel y orden, externos e internos, estructurales y subjetivos, en la producción combinada de un evento sociopolítico. | ||
| 650 | |a PUB.IIS | ||
| 650 | |a GOLPES DE ESTADO |2 OCDE | ||
| 650 | |a POLITICA |2 OCDE | ||
| 650 | |a ESTADO |2 OCDE | ||
| 650 | |a SOCIEDAD |2 OCDE | ||
| 650 | |a ANALISIS HISTORICO |2 UNA-UCR | ||
| 650 | |a ECONOMIA |2 OCDE | ||
| 650 | |a TEORIA |2 OCDE | ||
| 650 | |a CAPITALISMO |2 OCDE | ||
| 650 | |a CLASES |2 UNESCO | ||
| 650 | |a MILITARES |2 OCDE | ||
| 650 | |a INSTITUCIONES PUBLICAS |2 OCDE | ||
| 773 | 0 | |0 18765 |9 5837 |a Universidad de Costa Rica. |d San José, Costa Rica: Editorial Universidad de Costa Rica, 1974- |o 21397 |t Anuario de Estudios Centroamericanos / |x 03777316 |g volumen 24, número 1 -2; páginas 163-189 | |
| 942 | |2 ddc |c PP |h REV0040 24 (1-2) 1998 |k REV0040 |m 24 (1-2) 1998 |6 REV0040_24_12_1998 | ||
| 999 | |c 31765 |d 31765 | ||
